000 00579nam a22002057a 4500
003 OSt
005 20151215140545.0
008 151215b xxu||||| |||| 00| 0 eng d
020 _a0130942871
040 _cDDC.
082 _a375.007 EIS2002.
100 _aEisner W.Elliot;
_96582
245 _aThe Educational Imagination.
_bOn the Design and Evaluation of School Programs.
250 _a3rd ed.
260 _aNew Jersey;
_bMerrill Prentice Hall.
_c2002.
300 _avii,389p;
_bill;
_c24cm
505 _aincludes index.
650 _aEducation.
_91404
942 _2ddc
_cSLOAN
999 _c2870
_d2870